| 000 | 00986nam a2200265 i 4500 | ||
|---|---|---|---|
| 001 | 16821 | ||
| 003 | ES-MaACL | ||
| 005 | 20251114122036.0 | ||
| 007 | t| | ||
| 008 | 001113s1984 sp ||||1| spa d | ||
| 080 | _a331.105.44(460)(064.3) | ||
| 080 | _a946.0"1936/1939"(064.3) | ||
| 245 | 0 | 3 |
_aLa guerra civil en los documentos libertarios _b: Hospital Real, octubre 1984. |
| 260 |
_a[Granada] : _bDiputación Provincial, _c[1984] |
||
| 300 |
_a39 p. : _bil. ; _c28 x 20 cm. |
||
| 610 | 2 | 7 |
_aConfederación Nacional del Trabajo (España)- _vExposiciones. _93168 |
| 650 | 4 |
_99778 _aAnarcosindicalismo |
|
| 651 | 4 |
_aEspaña- _xHistoria- _y1936-1939, Guerra civil- _vExposiciones. _98304 |
|
| 655 | 7 |
_2tgfbne _9193628 _aCatálogos de exposiciones |
|
| 710 | 1 |
_aGranada (Provincia). _bDiputación Provincial. _94488 |
|
| 710 | 2 |
_aConfederación Nacional del Trabajo (España) _93165 |
|
| 852 |
_aES-MaACL _j2155-F-21 _bR.126952 |
||
| 942 | _2udc | ||
| 999 |
_c16821 _d16821 |
||